000
00220 a2200097 4500
001
58249
100
_a
245
_a
Diffusion and Structure of metals
260
_a
New Delhi
_b
Oxonia press
_c
1985
090
_c
35746
_d
35746
942
_a
NUST-CAE
_c
_c
28609
999
_c
293322
_d
293322